[Event "25th Dubai Open A 2025"]
[Site "Dubai UAE"]
[Date "2025.05.31"]
[Round "5.4"]
[White "Sargsyan, Shant"]
[Black "Harikrishnan, A. Ra"]
[Result "1-0"]
[WhiteTitle "GM"]
[BlackTitle "IM"]
[WhiteElo "2666"]
[BlackElo "2467"]
[WhiteFideId "13306766"]
[BlackFideId "5081483"]
[EventDate "2025.05.27"]

1. e4 e6 2. d4 d5 3. e5 c5 4. c3 Nc6 5. Nf3 Nge7 6. Bd3 cxd4 7. cxd4 Nf5 8. Bxf5
exf5 9. h4 h6 10. h5 Be6 11. Kf1 Be7 12. Nc3 Rc8 13. g3 a6 14. Kg2 Qb6 15. Ne2
Nb4 16. Bd2 O-O 17. Nf4 Nc2 18. Rb1 Nb4 19. a3 Nc6 20. Bc3 Na7 21. Qd3 Qb5 22.
Qe3 Qb3 23. Rhc1 Rc6 24. Nd2 Qb6 25. a4 Rfc8 26. Qd3 Qd8 27. Nf1 Bg5 28. Nxe6
fxe6 29. f4 Be7 30. g4 fxg4 31. Qg6 Qf8 32. Bd2 Qf7 33. Qxg4 Rxc1 34. Rxc1 Rxc1
35. Bxc1 Nc6 36. Be3 Bb4 37. Ng3 Ne7 38. Kf1 Kh7 39. Ke2 Nf5 40. Nxf5 exf5 41.
Qf3 Qd7 42. Bd2 Be7 43. b3 Qc6 44. Kd1 Kg8 45. Be1 Kh7 46. Qg2 Qe6 47. Qh1 Qf7
48. Kc2 Qe6 49. Kb1 Qc6 50. Qg2 Qe6 51. Bc3 Qc6 52. Bb2 Bb4 53. Ka2 a5 54. Qe2
Qe6 55. Ba3 Bxa3 56. Kxa3 b6 57. Kb2 Kg8 58. Qa6 g5 59. Qa8+ Kf7 60. Qb7+ Kf8
61. Qb8+ Kf7 62. Qc7+ 1-0

[Event "25th Dubai Open A 2025"]
[Site "Dubai UAE"]
[Date "2025.05.31"]
[Round "5.5"]
[White "Prraneeth, Vuppala"]
[Black "Movahed, Sina"]
[Result "0-1"]
[WhiteTitle "GM"]
[BlackTitle "GM"]
[WhiteElo "2474"]
[BlackElo "2518"]
[WhiteFideId "46622373"]
[BlackFideId "42520835"]
[EventDate "2025.05.27"]

1. c4 c5 2. g3 Nc6 3. Bg2 g6 4. Nc3 Bg7 5. Rb1 e6 6. h4 h6 7. a3 a5 8. Nf3 d6 9.
d3 Nge7 10. Bd2 e5 11. Nd5 Nxd5 12. cxd5 Ne7 13. e4 a4 14. h5 g5 15. Nh2 f5 16.
f4 exf4 17. gxf4 g4 18. Bc3 O-O 19. O-O Qe8 20. exf5 g3 21. Ng4 Nxf5 22. Be4 Qe7
23. Bxg7 Kxg7 24. Kg2 Kh8 25. Bxf5 Bxf5 26. Nxh6 Qh4 27. Nxf5 Qh2+ 28. Kf3 Rxf5
29. Ke4 Raf8 0-1

[Event "25th Dubai Open A 2025"]
[Site "Dubai UAE"]
[Date "2025.05.31"]
[Round "5.7"]
[White "Narayanan, S.L."]
[Black "Ashraf, Artin"]
[Result "1-0"]
[WhiteTitle "GM"]
[BlackTitle "FM"]
[WhiteElo "2598"]
[BlackElo "2407"]
[WhiteFideId "5058422"]
[BlackFideId "22514805"]
[EventDate "2025.05.27"]

1. c4 Nf6 2. Nf3 g6 3. Nc3 Bg7 4. e4 O-O 5. d4 d6 6. Be2 e5 7. d5 a5 8. h3 Na6
9. Bg5 Qe8 10. g4 Nd7 11. Rg1 Kh8 12. a3 Ndc5 13. b4 Nxe4 14. Nxe4 f5 15. gxf5
gxf5 16. Nh4 fxe4 17. Bh5 Qd7 18. Bg6 Kg8 19. Bxe4 Qf7 20. f4 Kh8 21. f5 Bd7 22.
Ra2 Qe8 23. Rf2 Rf6 24. Ng6+ Kg8 25. Bxf6 Bxf6 26. Qh5 1-0

[Event "25th Dubai Open A 2025"]
[Site "Dubai UAE"]
[Date "2025.05.31"]
[Round "5.8"]
[White "Md Imran"]
[Black "Pichot, Alan"]
[Result "1/2-1/2"]
[WhiteTitle "IM"]
[BlackTitle "GM"]
[WhiteElo "2472"]
[BlackElo "2587"]
[WhiteFideId "25748580"]
[BlackFideId "110973"]
[EventDate "2025.05.27"]

1. d4 Nf6 2. c4 e6 3. Nf3 d5 4. g3 Bd6 5. Bg2 O-O 6. O-O Nbd7 7. Nc3 dxc4 8. Nd2
Nb6 9. Na4 Nfd5 10. Nxb6 Nxb6 11. Qc2 e5 12. Nxc4 Nxc4 13. Qxc4 Qe7 14. Be3 Re8
15. dxe5 Bxe5 16. Rad1 c6 17. Qc2 Qb4 18. Rd2 Be6 19. Bc5 Qb5 20. Be4 g6 21. f4
Bc7 22. Bd3 Qxc5+ 23. Qxc5 Bb6 24. Qxb6 axb6 25. a3 b5 26. Kf2 1/2-1/2

[Event "25th Dubai Open A 2025"]
[Site "Dubai UAE"]
[Date "2025.05.31"]
[Round "5.9"]
[White "Celik, Hasan Huseyin"]
[Black "Iniyan, Pa"]
[Result "1/2-1/2"]
[WhiteTitle "IM"]
[BlackTitle "GM"]
[WhiteElo "2440"]
[BlackElo "2573"]
[WhiteFideId "44506759"]
[BlackFideId "25002767"]
[EventDate "2025.05.27"]

1. d4 Nf6 2. c4 e6 3. Nc3 Bb4 4. f3 d5 5. a3 Bxc3+ 6. bxc3 O-O 7. cxd5 exd5 8.
e3 c5 9. Bd3 b6 10. Ne2 Ba6 11. O-O Re8 12. Bxa6 Nxa6 13. Qd3 Nb8 14. dxc5 bxc5
15. c4 d4 16. exd4 cxd4 17. Qxd4 Nc6 18. Qxd8 Raxd8 19. Ra2 Na5 20. Bg5 Nxc4 21.
Rc1 Ne3 22. Kf2 1/2-1/2

[Event "25th Dubai Open A 2025"]
[Site "Dubai UAE"]
[Date "2025.05.31"]
[Round "5.10"]
[White "Gorshtein, Ido"]
[Black "Ilamparthi, A R"]
[Result "1/2-1/2"]
[WhiteTitle "GM"]
[BlackTitle "IM"]
[WhiteElo "2560"]
[BlackElo "2469"]
[WhiteFideId "2815532"]
[BlackFideId "45015775"]
[EventDate "2025.05.27"]

1. d4 f5 2. Nf3 Nf6 3. g3 e6 4. Bg2 Be7 5. c4 d5 6. Nc3 c6 7. Qc2 Nbd7 8. cxd5
cxd5 9. O-O a6 10. Bf4 O-O 11. Rac1 Nh5 12. Bd2 Nhf6 13. Qb3 b5 14. Bf4 h6 15.
e3 Qb6 16. Nh4 Kh7 17. Bc7 Qxc7 18. Nxd5 Nxd5 19. Rxc7 Nxc7 20. Bxa8 Nxa8 21.
Qxe6 Bxh4 22. gxh4 Rf6 23. Qe8 Rg6+ 24. Kh1 Bb7+ 25. f3 Nab6 26. h5 Rf6 27. Kg2
Bd5 28. Kf2 Re6 29. Qd8 Nf6 30. Rg1 Nbd7 31. Rc1 Re8 32. Qc7 Bxa2 33. Qf4 Be6
34. Rc6 Nd5 35. Qd6 N7f6 36. Qxe6 Rxe6 37. Rxe6 a5 38. Ke2 a4 39. Kd2 Kg8 40.
Rc6 Kf7 41. Rc5 b4 42. Ra5 Nb6 43. Kd3 Nfd5 44. Ra7+ Ke8 45. e4 fxe4+ 46. fxe4
Nf4+ 47. Ke3 Ne6 48. Ra6 Nc4+ 49. Kd3 Ne5+ 50. Ke3 Nc4+ 51. Ke2 Kd7 52. Ra7+ Kd6
53. Ra6+ Kd7 54. Ra7+ Kc8 55. Ra6 Nxd4+ 56. Kd3 Kb7 57. Kxd4 Kxa6 58. Kxc4 a3
59. bxa3 bxa3 60. Kb3 Kb5 61. Kxa3 Kc4 62. Ka4 Kd4 63. Kb5 Kxe4 64. Kc6 Kf4 65.
Kd6 Kg4 66. Ke6 Kxh5 67. Kf7 g5 68. Kg7 g4 69. Kf6 Kh4 70. Kg6 Kh3 71. Kh5 Kxh2
72. Kxg4 h5+ 73. Kxh5 1/2-1/2

[Event "25th Dubai Open A 2025"]
[Site "Dubai UAE"]
[Date "2025.05.31"]
[Round "5.11"]
[White "Aditya, Mittal"]
[Black "Dotzer, Lukas"]
[Result "1-0"]
[WhiteTitle "GM"]
[BlackTitle "IM"]
[WhiteElo "2547"]
[BlackElo "2455"]
[WhiteFideId "35042025"]
[BlackFideId "1666975"]
[EventDate "2025.05.27"]

1. c4 e6 2. Nc3 Bb4 3. d4 Nf6 4. Qc2 c5 5. dxc5 O-O 6. a3 Bxc5 7. Nf3 d5 8. Bg5
Be7 9. e3 Nc6 10. Be2 Qa5 11. O-O dxc4 12. Bxc4 Ne5 13. Nxe5 Qxe5 14. Bf4 Qc5
15. Ne4 Qc6 16. Nxf6+ Bxf6 17. Rac1 Bd7 18. Rfd1 Rfd8 19. Qb1 Qb6 20. Bd3 Bc6
21. b4 g5 22. Bd6 a6 23. Bc5 Qc7 24. Bxh7+ Kg7 25. Be4 Rxd1+ 26. Rxd1 b6 27. Bd4
Bxd4 28. exd4 Bxe4 29. Qxe4 Rc8 30. d5 exd5 31. Qg4 Kf6 32. h4 Rg8 33. Rxd5 Qc1+
34. Kh2 Qc7+ 35. g3 Qc2 36. Rd6+ Ke7 37. Qd7+ Kf8 38. Qd8+ Kg7 39. Qf6+ 1-0

[Event "25th Dubai Open A 2025"]
[Site "Dubai UAE"]
[Date "2025.05.31"]
[Round "5.12"]
[White "Sokolovsky, Yahli"]
[Black "Bronstein, Or"]
[Result "1-0"]
[WhiteTitle "GM"]
[BlackTitle "IM"]
[WhiteElo "2539"]
[BlackElo "2443"]
[WhiteFideId "2820242"]
[BlackFideId "2815770"]
[EventDate "2025.05.27"]

1. e4 c5 2. Nf3 d6 3. d4 cxd4 4. Nxd4 Nf6 5. Nc3 a6 6. g3 e5 7. Nb3 Be7 8. Bg2
O-O 9. O-O Be6 10. a4 Nbd7 11. Nd2 Rc8 12. Qe2 Qa5 13. Rd1 Bd8 14. Nf1 Bb6 15.
Bd2 Qc5 16. Ne3 Qc7 17. Nf5 Rfe8 18. g4 g6 19. Nh6+ Kg7 20. Qf3 Bd4 21. g5 Nh5
22. Nf5+ Kh8 23. Ne2 Bc5 24. Bc3 a5 25. Bh3 f6 26. Bg4 Ng7 27. Nxg7 Kxg7 28.
Bxe6 Rxe6 29. Qg4 Re7 30. Kg2 Rf8 31. f3 Kg8 32. Bd2 Bb4 33. Bxb4 axb4 34. Rd2
Qc5 35. Ng3 Nb6 36. b3 fxg5 37. Qxg5 Rg7 38. Re1 Rgf7 39. Re3 d5 40. exd5 Nd7
41. Red3 Rf4 42. Ne4 Qc8 43. d6 R8f7 44. Qh6 Qc6 45. Ng5 e4 46. Nxf7 Rxf7 47.
Re3 exf3+ 48. Kf2 Nf6 49. Qh4 Nd5 50. Red3 Nf6 51. Rd4 Qc5 52. Kf1 g5 53. Qg3
Qf5 54. d7 Rxd7 55. Qb8+ Kf7 56. Rxd7+ Nxd7 57. Qxb7 Ke8 58. Qxb4 Ne5 59. Ke1
Kf7 60. a5 Ng4 61. Qc4+ Kg7 62. Qd4+ Kh6 63. Kf1 Qxa5 64. h3 Ne5 65. Kf2 Kh5 66.
c4 Qc7 67. Qe3 Qa5 68. Rd5 Qa2+ 69. Qd2 Qa1 70. Qe1 Qb2+ 71. Qd2 Qa1 72. Qc2 h6
73. Rd1 Qa6 74. Qc3 Qe6 75. Re1 Qxh3 76. Qxe5 Qg2+ 77. Ke3 f2 78. Ra1 f1=Q 79.
Rxf1 Qxf1 80. c5 Qe1+ 81. Kd4 Qb4+ 82. Kd5 Qxb3+ 83. Kc6 Kh4 84. Qh2+ Kg4 85.
Qxh6 Qf3+ 86. Kc7 Qf4+ 87. Kd7 Qf7+ 88. Kd8 Qg8+ 89. Ke7 Kf3 90. c6 g4 91. c7 g3
92. Qc6+ Kf2 93. Qc2+ Kf1 94. c8=Q Qg5+ 95. Kf7 Qh5+ 96. Qg6 Qd5+ 97. Kg7 Qd4+
98. Qf6+ Qf2 99. Qh3+ g2 100. Qxf2+ Kxf2 101. Qh2 Kf1 102. Qf4+ Ke2 103. Qg3 Kf1
104. Qf3+ 1-0

[Event "25th Dubai Open A 2025"]
[Site "Dubai UAE"]
[Date "2025.05.31"]
[Round "5.13"]
[White "Kacharava, Nikolozi"]
[Black "Jubin, Jimmy"]
[Result "1/2-1/2"]
[WhiteTitle "GM"]
[BlackTitle "IM"]
[WhiteElo "2516"]
[BlackElo "2449"]
[WhiteFideId "13611860"]
[BlackFideId "46686614"]
[EventDate "2025.05.27"]

1. e4 c6 2. d4 d5 3. e5 Bf5 4. h4 h5 5. Bd3 Bxd3 6. Qxd3 Qa5+ 7. Nd2 e6 8. Nf3
Qa6 9. c4 Nh6 10. O-O Nf5 11. b3 Nd7 12. a4 Be7 13. Ba3 Bxa3 14. Rxa3 O-O 15.
Qc3 Qb6 16. a5 Qd8 17. g3 Qe7 18. b4 Rae8 19. cxd5 cxd5 20. Rc1 Nb8 21. b5 Qd7
22. Qb4 Rc8 23. Rac3 Rxc3 24. Rxc3 Rc8 25. Nb3 b6 26. Nc1 Rxc3 27. Qxc3 Ne7 28.
Qb4 Qc7 29. axb6 axb6 30. Ne2 Nf5 31. Qa3 Nd7 32. Qa8+ Nf8 33. Qc6 Qb8 34. Nf4
g6 35. Qc3 Qe8 36. Qb3 Qc8 37. Nd3 Qd7 38. Kg2 Kg7 39. Qa4 Qc7 40. Qb3 Qd7 41.
Qa4 Qc7 42. Nf4 Nh7 43. Qa2 Nf8 44. Qa4 Nh7 45. Qa2 1/2-1/2

[Event "25th Dubai Open A 2025"]
[Site "Dubai UAE"]
[Date "2025.05.31"]
[Round "5.14"]
[White "Panesar, Vedant"]
[Black "Aswath, S"]
[Result "0-1"]
[WhiteTitle "FM"]
[BlackTitle "IM"]
[WhiteElo "2455"]
[BlackElo "2515"]
[WhiteFideId "35033018"]
[BlackFideId "46694919"]
[EventDate "2025.05.27"]

1. e4 e6 2. d4 d5 3. Nc3 Nf6 4. e5 Nfd7 5. f4 c5 6. Nf3 Nc6 7. Be3 a6 8. Ne2 Be7
9. c3 O-O 10. h4 f6 11. Qc2 Qc7 12. Ng3 cxd4 13. cxd4 Qa5+ 14. Kd1 Nb4 15. Qb1
Qb6 16. Bg1 a5 17. a3 Nc6 18. Bd3 f5 19. Ne2 h5 20. Ng5 Nd8 21. Rh3 a4 22. Nc3
Nb8 23. Be2 g6 24. g4 hxg4 25. Bxg4 Nf7 26. Be2 Nc6 27. Nf3 Kg7 28. Qc2 Bd7 29.
Bd3 Rh8 30. Qg2 Rh6 31. Be3 Na5 32. Rc1 Rc8 33. Rc2 Nc4 34. Bc1 Qb3 35. Qf1 b5
36. Nb1 Ne3+ 37. Bxe3 Rxc2 38. Bxc2 Qxe3 39. Nc3 b4 40. axb4 a3 41. Nd2 Qxd4 42.
bxa3 Rxh4 43. Ne2 Qa1+ 44. Nb1 Nh6 45. Rc3 Ng4 46. Kc1 Bb5 47. Qe1 Rh2 48. Nd4
Bc4 49. Qg1 Bh4 50. Nxe6+ Kh6 51. Rxc4 dxc4 52. Qa7 Rh1+ 53. Kd2 Rh2+ 54. Kc1
Rh1+ 55. Kd2 Qb2 56. Qg7+ Kh5 57. Qh7+ Nh6 58. Ng7+ Kg4 59. Qxg6+ Kh3 60. Qxh6
Qd4+ 0-1

[Event "25th Dubai Open A 2025"]
[Site "Dubai UAE"]
[Date "2025.05.31"]
[Round "5.15"]
[White "Parkhov, Yair"]
[Black "Pham Tran Gia Phuc"]
[Result "1/2-1/2"]
[WhiteTitle "GM"]
[BlackTitle "IM"]
[WhiteElo "2514"]
[BlackElo "2424"]
[WhiteFideId "2813408"]
[BlackFideId "12415669"]
[EventDate "2025.05.27"]

1. Nf3 d5 2. g3 Nc6 3. d4 Bf5 4. c4 e6 5. Bg2 Nb4 6. O-O Nc2 7. cxd5 Nxa1 8. e4
Bxe4 9. dxe6 fxe6 10. Nc3 Bxf3 11. Qxf3 Nf6 12. Qe2 Qd7 13. Bh3 Kf7 14. d5 Re8
15. Be3 Nxd5 16. Ne4 Kg8 17. Rxa1 Nxe3 18. Qxe3 h5 19. Qe2 Rh6 20. Rd1 Qe7 21.
Rd3 Rd8 22. Re3 g5 23. Nc3 g4 24. Bg2 c6 25. h3 Rd4 26. Ne4 Rg6 27. h4 Qd8 28.
Qc2 Rh6 29. a3 1/2-1/2

[Event "25th Dubai Open A 2025"]
[Site "Dubai UAE"]
[Date "2025.05.31"]
[Round "5.16"]
[White "Boruchovsky, Avital"]
[Black "Hayrapetyan, Hovik"]
[Result "1-0"]
[WhiteTitle "GM"]
[BlackTitle "GM"]
[WhiteElo "2513"]
[BlackElo "2423"]
[WhiteFideId "2800055"]
[BlackFideId "13302639"]
[EventDate "2025.05.27"]

1. e4 c5 2. Nf3 d6 3. Nc3 Nf6 4. d4 cxd4 5. Qxd4 Nc6 6. Qe3 g6 7. Bc4 Bg7 8. h3
O-O 9. O-O a6 10. a4 e6 11. Rd1 Qc7 12. Qe2 b6 13. Bf4 Ne5 14. Bb3 Bb7 15. Rd2
Nh5 16. Be3 Nxf3+ 17. Qxf3 Be5 18. Rad1 Nf6 19. Bd4 Bxd4 20. Rxd4 Ne8 21. Rc4
Qd8 22. Qe3 Rc8 23. Rxc8 Bxc8 24. Rd4 Bd7 25. Rb4 b5 26. axb5 axb5 27. Qa7 Nf6
28. Rd4 Bc6 29. e5 Nd7 30. Rxd6 Qg5 31. Rxc6 Nxe5 32. Rd6 b4 33. Ne2 Nf3+ 34.
Kf1 Nh2+ 35. Kg1 Nf3+ 36. Kh1 Qe5 37. gxf3 Qxd6 38. Qd4 Qxd4 39. Nxd4 Rd8 40.
Nc6 Rd1+ 41. Kg2 Rb1 42. Nxb4 Rxb2 43. f4 Kf8 44. Nd3 Rb1 45. Ne5 Ke7 46. Nf3 h6
47. Kg3 Kf6 48. Bc4 Rb4 49. Bd3 g5 50. fxg5+ hxg5 51. h4 gxh4+ 52. Nxh4 Ke5 53.
Nf3+ Kd6 54. Nd2 Ra4 55. Nc4+ Ke7 56. Kf3 f6 57. Ke3 e5 58. Kf3 Ke6 59. Ne3 Rf4+
60. Kg3 Ra4 61. Bc4+ Kd6 62. Kg4 f5+ 63. Kxf5 Ra8 64. Ke4 Rf8 65. Nf5+ Kc5 66.
Bd3 Re8 67. f3 1-0

[Event "25th Dubai Open A 2025"]
[Site "Dubai UAE"]
[Date "2025.05.31"]
[Round "5.17"]
[White "Tin, Jingyao"]
[Black "Sahib, Singh"]
[Result "1-0"]
[WhiteTitle "GM"]
[BlackTitle "FM"]
[WhiteElo "2601"]
[BlackElo "2416"]
[WhiteFideId "5804418"]
[BlackFideId "25618342"]
[EventDate "2025.05.27"]

1. Nf3 d5 2. b3 Nf6 3. e3 c5 4. Bb2 Nc6 5. Bb5 Bd7 6. O-O e6 7. d4 cxd4 8. exd4
Bd6 9. Nbd2 O-O 10. Re1 Rc8 11. a3 Ne7 12. Bd3 Ng6 13. Ne5 Bc6 14. g3 Nd7 15.
Nxc6 bxc6 16. c4 Re8 17. Bf1 f5 18. b4 Nf6 19. c5 Bc7 20. a4 Rb8 21. b5 Ba5 22.
Re3 f4 23. Rb3 fxg3 24. hxg3 Bxd2 25. Qxd2 Ne4 26. Qe1 e5 27. f3 Nf6 28. dxe5
Nd7 29. f4 Nxc5 30. Rc3 Ne4 31. Rxc6 Ne7 32. Rc2 Nf5 33. Ra3 Qb6+ 34. Kh1 Rbc8
35. a5 Qg6 36. Rg2 Nh6 37. Qd1 Ng4 38. Kg1 Kh8 39. Bd4 Nh6 40. g4 Qf7 41. f5 Qf8
42. Rb3 Nf7 43. e6 Nfg5 44. b6 axb6 45. axb6 Qd6 46. Qa1 Re7 47. Rc2 Rf8 48. Be5
Qd8 49. Rc7 Rxc7 50. bxc7 Qe7 51. Qa3 Nc5 52. Rb8 1-0

[Event "25th Dubai Open A 2025"]
[Site "Dubai UAE"]
[Date "2025.05.31"]
[Round "5.18"]
[White "Goutham Krishna H"]
[Black "Indjic, Aleksandar"]
[Result "0-1"]
[WhiteTitle "IM"]
[BlackTitle "GM"]
[WhiteElo "2427"]
[BlackElo "2637"]
[WhiteFideId "25983504"]
[BlackFideId "911925"]
[EventDate "2025.05.27"]

1. c4 e5 2. d3 Bb4+ 3. Bd2 Bxd2+ 4. Qxd2 d6 5. Nc3 Nc6 6. g3 f5 7. Bg2 Nf6 8. f4
O-O 9. Nf3 Re8 10. O-O exf4 11. gxf4 Be6 12. Ng5 Kh8 13. Nxe6 Rxe6 14. b4 Ng4
15. Nd5 Ne7 16. h3 Nh6 17. Nc3 c6 18. e3 Ng6 19. Kh2 Qh4 20. Rae1 Rae8 21. Kg1
Qe7 22. e4 Rf8 23. Rf2 fxe4 24. dxe4 Ref6 25. Ne2 a6 26. Ref1 Nh4 27. Bh1 Nf7
28. Qc3 Kg8 29. Ng3 Rh6 30. c5 Rd8 31. Re1 Re6 32. Kh2 d5 33. Nh5 d4 34. Qd3 Rh6
35. Ng3 g5 36. e5 Kh8 37. Nf5 Nxf5 38. Qxf5 d3 39. Be4 gxf4 40. Qxf4 Qxe5 41.
Kg2 Qg7+ 42. Kh2 Qe5 43. Kg2 Qxf4 44. Rxf4 Ne5 45. Rd1 Rd4 46. Kg3 Rxb4 47. Bxd3
Rxh3+ 48. Kxh3 Rxf4 49. Bb1 Kg7 50. Rd8 Rf7 51. Bc2 Nd7 52. Bb3 Re7 53. Rg8+ Kf6 0-1

[Event "25th Dubai Open A 2025"]
[Site "Dubai UAE"]
[Date "2025.05.31"]
[Round "5.19"]
[White "Can, Emre"]
[Black "Dau Khuong Duy"]
[Result "0-1"]
[WhiteTitle "GM"]
[BlackTitle "IM"]
[WhiteElo "2568"]
[BlackElo "2423"]
[WhiteFideId "6302181"]
[BlackFideId "12424722"]
[EventDate "2025.05.27"]

1. e4 c5 2. Nc3 Nc6 3. Bb5 Nd4 4. a4 a6 5. Bc4 e6 6. Nge2 Ne7 7. O-O Nec6 8. d3
Be7 9. f4 O-O 10. Nxd4 cxd4 11. Ne2 d5 12. exd5 exd5 13. Bb3 f5 14. Kh1 Be6 15.
Bd2 Qd6 16. a5 Bf6 17. Ng1 Rae8 18. Nf3 h6 19. Qe1 Bf7 20. Qf2 Re7 21. Rfe1 Rfe8
22. Rxe7 Rxe7 23. Re1 Qd8 24. Ba4 Nxa5 25. Rxe7 Bxe7 26. b4 Nc6 27. Bxc6 bxc6
28. Qxd4 Qb8 29. h3 Qc7 30. Qa1 c5 31. bxc5 Qxc5 32. Bc3 Bh5 33. Ng1 Bf8 34. Bd4
Qb4 35. c3 Qb5 36. Qa2 Bf7 37. Nf3 Qxd3 38. Kh2 Qb5 39. Qc2 Be6 40. Be5 a5 41.
Nd4 Qa6 42. Nxf5 Bxf5 43. Qxf5 Qc6 44. Qb1 a4 45. Qb8 a3 46. Qa7 h5 47. Kh1 Qc4
48. Qa8 a2 49. Kh2 Kf7 50. f5 Qe4 51. Bc7 Qc4 52. Be5 h4 53. Qa7+ Be7 54. Bxg7
Qf4+ 0-1

[Event "25th Dubai Open A 2025"]
[Site "Dubai UAE"]
[Date "2025.05.31"]
[Round "5.20"]
[White "Sanal, Vahap"]
[Black "Talibov, Shiroghlan"]
[Result "0-1"]
[WhiteTitle "GM"]
[BlackTitle "IM"]
[WhiteElo "2555"]
[BlackElo "2423"]
[WhiteFideId "6300545"]
[BlackFideId "13429078"]
[EventDate "2025.05.27"]

1. e4 c5 2. Nf3 d6 3. Bb5+ Nd7 4. a4 Nf6 5. Nc3 g6 6. O-O Bg7 7. a5 a6 8. Be2
O-O 9. d3 b5 10. axb6 Bb7 11. Bf4 Qxb6 12. Ra2 d5 13. Nd2 Qe6 14. Ra5 Rfd8 15.
Bf3 dxe4 16. dxe4 Ne5 17. Rxc5 Nfd7 18. Ra5 Nb6 19. Qe2 Nxf3+ 20. Nxf3 Rac8 21.
Ra3 Bxc3 22. bxc3 Qxe4 23. Qxe4 Bxe4 24. Re1 Bxf3 25. gxf3 Nd5 26. Bd2 Rd6 27.
Rea1 Rcc6 28. Be1 f6 29. Kf1 Kf7 30. Rb3 Rc4 31. Rba3 Rcc6 32. Rb3 Nc7 33. Ra4
Ne6 34. Rb1 Nc5 35. Ra5 Nd7 36. f4 f5 37. Rb7 Nc5 38. Rb4 Ne4 39. c4 Nd2+ 40.
Bxd2 Rxd2 41. Kg2 Rxc2 42. Kg3 Rc3+ 43. f3 Re6 44. Ra2 Ree3 45. Rf2 Re4 46. Ra4
Re6 47. Rfa2 Ree3 48. Rf2 h6 49. h4 Re6 50. Rfa2 Ree3 51. Rf2 Ra3 52. Rxa3 Rxa3
53. Rb2 a5 54. Rb6 a4 55. c5 Rc3 56. Ra6 Rc4 57. c6 Ke6 58. c7+ Kd7 59. Rxg6 h5
60. Rh6 Rxc7 61. Rxh5 Rc5 62. Kf2 a3 63. Rg5 Rc1 0-1

[Event "25th Dubai Open A 2025"]
[Site "Dubai UAE"]
[Date "2025.05.31"]
[Round "5.21"]
[White "Davtyan, Arsen"]
[Black "Gavrilescu, David"]
[Result "1-0"]
[WhiteTitle "IM"]
[BlackTitle "GM"]
[WhiteElo "2402"]
[BlackElo "2554"]
[WhiteFideId "13309315"]
[BlackFideId "1227190"]
[EventDate "2025.05.27"]

1. d4 d5 2. c4 e6 3. Nf3 Nf6 4. Nc3 c6 5. Bg5 h6 6. Bh4 dxc4 7. e4 g5 8. Bg3 b5
9. Be2 Nbd7 10. Nd2 Bb7 11. Qc2 h5 12. h4 g4 13. O-O Be7 14. a4 a6 15. Rad1 Nf8
16. b3 b4 17. e5 bxc3 18. exf6 cxd2 19. fxe7 Qxe7 20. bxc4 Ng6 21. c5 Rd8 22.
Bd3 Nxh4 23. Qxd2 Rg8 24. Bh7 Rh8 25. Bc2 Rg8 26. Rfe1 Ng6 27. Rb1 Bc8 28. Rb8
h4 29. Bd6 Qf6 30. Be4 Ne7 31. Qe3 g3 32. Rf1 h3 33. Bxg3 hxg2 34. Kxg2 Nf5 35.
Bxf5 Qxf5 36. Rh1 Qd5+ 37. Kg1 Bd7 38. Rb7 Ke7 39. Rh7 Qf5 40. Rh4 Ke8 41. Kh2
Qd5 42. Qf4 Qf5 43. Qc7 Qf6 44. Rh3 Rh8 45. Qe5 Rxh3+ 46. Kxh3 Qxe5 47. dxe5 Bc8
48. Rc7 Bd7 49. Bh4 Rb8 50. Bf6 Rb3+ 51. Kg4 Rb8 52. a5 Rc8 53. Rb7 Ra8 54. Kg5
Rc8 55. Kh6 Ra8 56. Kg7 Rc8 57. Rb4 Ra8 58. Rh4 Bc8 59. Rh8+ Kd7 60. Kxf7 Kc7
61. Be7 Kb7 62. Bd6 Bd7 63. Rxa8 Kxa8 64. Ke7 Bc8 65. Kd8 1-0

[Event "25th Dubai Open A 2025"]
[Site "Dubai UAE"]
[Date "2025.05.31"]
[Round "5.22"]
[White "Davtyan, Artur"]
[Black "Kushagra, Mohan"]
[Result "1-0"]
[WhiteTitle "IM"]
[BlackTitle "IM"]
[WhiteElo "2485"]
[BlackElo "2400"]
[WhiteFideId "13308327"]
[BlackFideId "25033638"]
[EventDate "2025.05.27"]

1. e4 e5 2. Nf3 Nc6 3. Bb5 a6 4. Ba4 b5 5. Bb3 Na5 6. O-O d6 7. d4 exd4 8. Qxd4
Bb7 9. Bg5 f6 10. Bxg8 fxg5 11. Bd5 c6 12. Be6 Qe7 13. Bf5 c5 14. Qd2 Nc4 15.
Qc3 g6 16. Bxg6+ hxg6 17. Qxh8 g4 18. Nfd2 O-O-O 19. Nxc4 bxc4 20. Qc3 Bg7 21.
Qxc4 Be5 22. Nd2 Rh8 23. g3 Qh7 24. h4 g5 25. Kg2 gxh4 26. Rh1 h3+ 27. Kh2 Rf8
28. Rhf1 Kb8 29. Rad1 Qh6 30. Qe2 Qe6 31. f4 gxf3 32. Rxf3 Rg8 33. c3 d5 34. Qf2
Bd6 35. Rf6 Qe7 36. Nf1 d4 37. Re1 d3 38. e5 Bc7 39. Qe3 c4 40. Nd2 Qd7 41. Qf2
Qd5 42. Re4 Qd8 43. Ref4 Qd5 44. Rf8+ Bd8 45. Qf1 Rxf8 46. Rxf8 Ka7 47. Rf7 Bb6
48. Qf3 Qxf3 49. Nxf3 Kb8 50. e6 Bc5 51. Nd2 Kc8 52. e7 1-0

[Event "25th Dubai Open A 2025"]
[Site "Dubai UAE"]
[Date "2025.05.31"]
[Round "5.23"]
[White "Srihari, L R"]
[Black "Nandhidhaa, P V"]
[Result "1/2-1/2"]
[WhiteTitle "IM"]
[BlackTitle "WGM"]
[WhiteElo "2468"]
[BlackElo "2363"]
[WhiteFideId "46617116"]
[BlackFideId "5050847"]
[EventDate "2025.05.27"]

1. d4 Nf6 2. Nf3 d5 3. e3 e6 4. Bd3 b6 5. Nbd2 Bb7 6. Qe2 Nbd7 7. e4 dxe4 8.
Nxe4 Be7 9. O-O O-O 10. Rd1 Qc8 11. Bf4 Nxe4 12. Bxe4 Nf6 13. Bxb7 Qxb7 14. Bg5
Rfe8 15. Ne5 Qe4 16. Qxe4 Nxe4 17. Bxe7 Rxe7 18. f3 Nd6 19. Rd3 a5 20. a4 f6 21.
Nc6 Rd7 22. Re1 Kf7 23. d5 exd5 24. Rxd5 Re8 25. Red1 Kf8 26. c4 Re2 27. b3 Rc2
28. R1d3 Rf7 29. h3 h6 30. Kh2 Kg8 31. Re3 Kh7 32. Nd8 Rf8 33. Nc6 Re8 34. Rxe8
Nxe8 35. Nd4 Rd2 36. Rd8 Kg6 37. Rxe8 Rxd4 38. Re7 Rd3 39. Rxc7 Rxb3 40. c5 b5 1/2-1/2

[Event "25th Dubai Open A 2025"]
[Site "Dubai UAE"]
[Date "2025.05.31"]
[Round "5.24"]
[White "Raahul, V S"]
[Black "Shyam, Sundar M."]
[Result "1/2-1/2"]
[WhiteTitle "IM"]
[BlackTitle "GM"]
[WhiteElo "2378"]
[BlackElo "2462"]
[WhiteFideId "25035525"]
[BlackFideId "5019141"]
[EventDate "2025.05.27"]

1. d4 Nf6 2. Bf4 g6 3. Nc3 Bg7 4. e4 d6 5. Qd2 c6 6. f3 b5 7. Bd3 Nfd7 8. Nge2
e5 9. Bg5 Bf6 10. Bxf6 Nxf6 11. dxe5 dxe5 12. a4 b4 13. Nd1 a5 14. Qh6 Ng8 15.
Qd2 1/2-1/2

[Event "25th Dubai Open A 2025"]
[Site "Dubai UAE"]
[Date "2025.05.31"]
[Round "5.25"]
[White "Harshavardhan, G B"]
[Black "Tudor, Henry Edward"]
[Result "0-1"]
[WhiteTitle "IM"]
[BlackTitle "FM"]
[WhiteElo "2441"]
[BlackElo "2376"]
[WhiteFideId "25059009"]
[BlackFideId "2409836"]
[EventDate "2025.05.27"]

1. e4 c5 2. Nf3 e6 3. d4 cxd4 4. Qxd4 Nc6 5. Qe3 Be7 6. Nc3 d5 7. Qf4 dxe4 8.
Nxe4 e5 9. Qg3 f5 10. Qxg7 fxe4 11. Bc4 Bb4+ 12. c3 Qf6 13. Qxf6 Nxf6 14. Bg5
exf3 15. cxb4 fxg2 16. Rg1 Ke7 17. Rxg2 Be6 18. Rc1 Rac8 19. Bxf6+ Kxf6 20. Bxe6
Kxe6 21. b5 Ne7 22. Rxc8 Rxc8 23. Rg7 Rc2 24. Rxh7 Rxb2 25. Rh6+ Kd7 26. a4 Rb4
27. Rh5 Rxa4 28. Rxe5 Rh4 29. Ke2 Rxh2 30. Ke3 Rh6 31. Rg5 Re6+ 32. Kd4 Rf6 33.
Ke3 Rf5 34. f4 Rxg5 35. fxg5 Ke6 36. Kd4 Kf5 37. Kc5 Ke5 38. Kc4 b6 39. Kd3 Kf4
40. Kd4 Kf5 41. g6 Ke6 42. g7 Nf5+ 0-1